Giants in the landscape : monumentality and territories in the European Neolithic : proceedings of the XVII UISPP World Congress (1-7 September, Burgos, Spain). Volume 3, Session A25d /
Proceedings from the session held at the XVII World UISPP Congress, Burgos, 2014. The session considered the various manifestations of the relationship between Neolithic enclosures and tombs in different contexts of Europe, notably through spatial analysis.
مؤلف مشترك:
مؤلفون آخرون: ,
التنسيق: كتاب الكتروني
اللغة: English
منشور في:
Oxford :
Archaeopress Publishing Ltd,
[2016]
سلاسل:
Archaeopress archaeology.
الموضوعات:
الوصول للمادة أونلاين: Login to view Source
الوسوم: إضافة وسم
رقم الطلب: GN776.2.A1
| LEADER | 02398nam a2200493 i 4500 | ||
|---|---|---|---|
| 001 | EDZ0001582341 | ||
| 003 | StDuBDS | ||
| 005 | 20230412181708.0 | ||
| 006 | m|||||o||d|||||||| | ||
| 007 | cr ||||||||||| | ||
| 008 | 160225t20162016enkab fob 100|0|eng|d | ||
| 020 | |a 9781784912864 (ebook) : |c No price | ||
| 040 | |a StDuBDS |b eng |c StDuBDS |e rda |e pn | ||
| 050 | 4 | |a GN776.2.A1 | |
| 082 | 0 | 4 | |a 936.01 |2 23 |
| 110 | 2 | |a International Union of Prehistoric and Protohistoric Sciences. |b World Congress |n (17th : |d 2014 : |c Burgos, Spain), |e creator. | |
| 245 | 1 | 0 | |a Giants in the landscape : |b monumentality and territories in the European Neolithic : proceedings of the XVII UISPP World Congress (1-7 September, Burgos, Spain). |n Volume 3, |p Session A25d / |c edited by Vincent Ard and Lucile Pillot. |
| 246 | 3 | 0 | |a Session A25d |
| 264 | 1 | |a Oxford : |b Archaeopress Publishing Ltd, |c [2016] | |
| 264 | 4 | |c ©2016 | |
| 300 | |a 1 online resource : |b illustrations (black and white, and colour), maps (black and white, and colour). | ||
| 336 | |a text |2 rdacontent | ||
| 336 | |a still image |2 rdacontent | ||
| 336 | |a cartographic image |2 rdacontent | ||
| 337 | |a computer |2 rdamedia | ||
| 338 | |a online resource |2 rdacarrier | ||
| 490 | 1 | |a Archaeopress archaeology | |
| 500 | |a Conference proceedings. | ||
| 500 | |a Previously issued in print: 2016. | ||
| 504 | |a Includes bibliographical references. | ||
| 520 | 8 | |a Proceedings from the session held at the XVII World UISPP Congress, Burgos, 2014. The session considered the various manifestations of the relationship between Neolithic enclosures and tombs in different contexts of Europe, notably through spatial analysis. | |
| 521 | |a Specialized. | ||
| 588 | |a Description based on online resource; title from home page (viewed on November 7, 2016). | ||
| 650 | 0 | |a Neolithic period |z Europe |v Congresses. | |
| 650 | 0 | |a Tombs |z Europe |x History |y To 1500 |v Congresses. | |
| 650 | 0 | |a Monuments |z Europe |x History |y To 1500 |v Congresses. | |
| 700 | 1 | |a Ard, Vincent, |e editor. | |
| 700 | 1 | |a Pillot, Lucile, |e editor. | |
| 776 | 0 | 8 | |i Print version : |z 9781784912857 |
| 830 | 0 | |a Archaeopress archaeology. | |
| 856 | 4 | 0 | |3 Archaeopress |u http://library.arce.org:8087/Archaeopress/Products/9781784912857 |
| 942 | |2 lcc |c EBOOK | ||
| 952 | |0 0 |1 0 |4 0 |6 GN07762 A1 |7 1 |9 46132 |a ARCH |b ARCH |d 2023-04-12 |l 0 |o GN776.2.A1 |r 2023-04-12 00:00:00 |w 2023-04-12 |y EBOOK | ||
| 999 | |c 51790 |d 51790 | ||
